00322nam a2200133Ia 4500008004100000020001500041041001200056082001600068100001800084245002900102260003400131300000800165650001500173221030s9999 xx 000 0 und d a8178882620 aEnglish a105.23bHaz aNandan Hazare 0aIndustrial Biotechnology bDominant PubaNew Delhic2005 a280 aManagement